[Event "4NCL Online Division 5"]
[Site "online"]
[Date "2021.11.02"]
[EventDate "2021.11.02"]
[Round "6.134"]
[White "Jones, Tim"]
[WhiteElo "1755"]
[WhiteTeam "Wessex Some Stars E"]
[Black "Austin, Antony"]
[BlackElo "1349"]
[BlackTeam "Wells Globetrotters 2"]
[Result "1-0"]
[PlyCount "137"]

1. e4 c5 2. Nf3 Nc6 3. Bb5 a6 4. Bxc6 bxc6 5. O-O a5 6. b3 Nf6 7. d3 e6 8. e5 Nd5 9. c4 Nb6 10. Be3 d6 11. exd6 Bxd6 12. Nc3 O-O 13. Ne4 Bc7 14. Nxc5 Nd7 15. Qc2 Bd6 16. Nxd7 Bxd7 17. d4 Qf6 18. Rad1 h6 19. Ne5 Rfd8 20. Nxd7 Rxd7 21. Qe4 Rc8 22. f4 Re7 23. Rf2 Qh4 24. Qf3 c5 25. dxc5 Bxc5 26. Bxc5 Rxc5 27. g3 Qf6 28. Qe4 Rec7 29. Rfd2 Rc8 30. Qd4 e5 31. fxe5 Rxe5 32. Rf1 Qe6 33. Qd7 Qb6+ 34. Kg2 Rce8 35. Qxf7+ Kh8 36. Rdf2 Qc6+ 37. Qf3 Qg6 38. Rd1 h5 39. Rd5 Rxd5 40. Qxd5 h4 41. Qf5 Qc6+ 42. Qf3 Qxf3+ 43. Rxf3 Re2+ 44. Rf2 h3+ 45. Kf1 Re3 46. Rf4 Rc3 47. Rh4+ Kg8 48. Rxh3 Rc1+ 49. Ke2 Rc2+ 50. Kd3 Rxa2 51. Rh5 Ra3 52. Kd4 Rxb3 53. Rxa5 Rb2 54. h4 Rg2 55. Rg5 Kf7 56. Kc5 Ra2 57. Kc6 Ra6+ 58. Kb5 Re6 59. c5 g6 60. c6 Re7 61. Kb6 Re6 62. Kb7 Re7+ 63. c7 Kf6 64. Kb8 Re3 65. c8=Q Rb3+ 66. Ka7 Ra3+ 67. Kb6 Rb3+ 68. Ka5 Ra3+ 69. Kb4 1-0

[Event "4NCL Online Division 5"]
[Site "online"]
[Date "2021.11.02"]
[EventDate "2021.11.02"]
[Round "6.141"]
[White "Rida, Ruqayyah"]
[WhiteElo "1655"]
[WhiteTeam "Colchester JFF A"]
[Black "Morris, Mark"]
[BlackElo "1700"]
[BlackTeam "Downend 2"]
[Result "1-0"]
[PlyCount "78"]

1. e4 c5 2. Nf3 Nc6 3. d4 cxd4 4. Nxd4 e5 5. Nb5 d6 6. N1c3 a6 7. Na3 b5 8. Nd5 Nge7 9. c4 Nxd5 10. exd5 Nd4 11. cxb5 Bd7 12. Be3 Nf5 13. bxa6 Nxe3 14. fxe3 Qh4+ 15. Kd2 Qb4+ 16. Kc1 Ba4 17. Nc2 Rc8 18. b3 Qc3 19. Kb1 Bxb3 20. axb3 Qxb3+ 21. Kc1 Be7 22. h4 e4 23. a7 O-O 24. Rb1 Qa3+ 25. Kd2 Qc3+ 26. Kc1 Bf6 27. Qd2 Qa3+ 28. Kd1 Bc3 29. Nxa3 Bxd2 30. Kxd2 Rc5 31. Rb5 Rc7 32. Ra5 Ra8 33. Nb5 Rc5 34. Be2 Rxd5+ 35. Kc3 Rc5+ 36. Kb4 Rc2 37. Bc4 Rxg2 38. Bd5 Rb2+ 39. Kc3 Rxb5 1-0

[Event "4NCL Online Division 5"]
[Site "online"]
[Date "2021.11.02"]
[EventDate "2021.11.02"]
[Round "6.142"]
[White "Brown, Keanu"]
[WhiteElo "1400"]
[WhiteTeam "Downend 2"]
[Black "Catabay, Mae Katelyn Rose"]
[BlackElo "1586"]
[BlackTeam "Colchester JFF A"]
[Result "0-1"]
[PlyCount "76"]

1. e4 e5 2. Nf3 Nf6 3. Nc3 Nc6 4. Bc4 Be7 5. d3 O-O 6. h3 d6 7. Be3 Be6 8. Bxe6 fxe6 9. Bg5 d5 10. Bxf6 Bxf6 11. O-O Qd7 12. Qd2 Nd4 13. Nxd4 exd4 14. Ne2 dxe4 15. dxe4 e5 16. Rad1 Rad8 17. c3 c5 18. f4 Qe7 19. cxd4 cxd4 20. fxe5 Bxe5 21. Qd3 Rxf1+ 22. Rxf1 Qe6 23. b3 a6 24. Nc3 Qd6 25. Nd5 Re8 26. Qc4 Kh8 27. h4 Qh6 28. Rc1 Qxh4 29. Qc8 Qh2+ 30. Kf1 Qh1+ 31. Ke2 Qxg2+ 32. Kd1 Qf3+ 33. Kd2 Bf4+ 34. Nxf4 Qxf4+ 35. Kd1 Qf3+ 36. Kd2 Qe3+ 37. Kd1 Qxe4 38. a4 Qe2# 0-1

[Event "4NCL Online Division 5"]
[Site "online"]
[Date "2021.11.02"]
[EventDate "2021.11.02"]
[Round "6.143"]
[White "Kanellopoulos, Nikolas"]
[WhiteElo "1478"]
[WhiteTeam "Colchester JFF A"]
[Black "Walsh, Shaun"]
[BlackElo "1412"]
[BlackTeam "Downend 2"]
[Result "0-1"]
[PlyCount "34"]

1. e4 e6 2. d4 d5 3. Nc3 Nf6 4. e5 Nfd7 5. Bd3 c5 6. Bb5 cxd4 7. Qxd4 Nc6 8. Bxc6 bxc6 9. b4 Be7 10. Nf3 O-O 11. O-O f6 12. exf6 Bxf6 13. Qd3 a5 14. Ba3 axb4 15. Bxb4 c5 16. Bxc5 Nxc5 17. Qe3 d4 0-1

[Event "4NCL Online Division 5"]
[Site "online"]
[Date "2021.11.02"]
[EventDate "2021.11.02"]
[Round "6.144"]
[White "Bleeg, Elliott"]
[WhiteElo "1314"]
[WhiteTeam "Downend 2"]
[Black "Chung, Vince"]
[BlackElo "1462"]
[BlackTeam "Colchester JFF A"]
[Result "0-1"]
[PlyCount "86"]

1. e4 c5 2. Nf3 Nc6 3. d4 cxd4 4. Nxd4 Nxd4 5. Qxd4 d6 6. Nc3 e5 7. Qd1 Nf6 8. Bd3 Be7 9. O-O O-O 10. Be3 Re8 11. Qd2 b6 12. Rfe1 Bb7 13. Rad1 Qc7 14. f4 exf4 15. Bxf4 Rad8 16. e5 dxe5 17. Bxe5 Qc5+ 18. Qe3 Qc6 19. Be4 Nxe4 20. Rxd8 Rxd8 21. Qxe4 Bc5+ 22. Kf1 Ba6+ 23. Re2 Rd1+ 24. Nxd1 Qxe4 25. Nc3 Bxe2+ 26. Nxe2 Qxe5 27. h3 Qxb2 28. Ke1 Qxc2 29. h4 Bb4+ 30. Kf2 Qxa2 31. Kf3 a5 32. Ke3 a4 33. Kd3 Qb3+ 34. Ke4 a3 35. Kf4 a2 36. Nd4 Qc4 37. Ke3 a1=Q 38. Nf3 Qac3+ 39. Kf2 Bc5+ 40. Kg3 Bd6+ 41. Kf2 Qa2+ 42. Kg1 Qc1+ 43. Ne1 Qxe1# 0-1

[Event "4NCL Online Division 5"]
[Site "online"]
[Date "2021.11.02"]
[EventDate "2021.11.02"]
[Round "6.151"]
[White "Das, Arjit"]
[WhiteElo "1090"]
[WhiteTeam "Crowthorne 2"]
[Black "Richards, Maurice A"]
[BlackElo "1497"]
[BlackTeam "Bude Surfers B"]
[Result "0-1"]
[PlyCount "120"]

1. e4 e6 2. Nf3 d5 3. e5 c5 4. Bb5+ Bd7 5. Bxd7+ Nxd7 6. Nc3 a6 7. d4 Qc7 8. dxc5 Bxc5 9. Be3 Bxe3 10. fxe3 Nxe5 11. Nxe5 Qxe5 12. Qd4 Qxd4 13. exd4 Nf6 14. O-O O-O 15. b4 Rac8 16. Na4 Ne4 17. Rac1 Nc3 18. Nb6 Rc6 19. Nd7 Rfc8 20. Ne5 R6c7 21. a4 Nxa4 22. c3 f6 23. Ra1 Nxc3 24. Nd3 Ne2+ 25. Kh1 Nxd4 26. h3 Kf7 27. Kh2 Ke7 28. Rf4 Nf5 29. Nc5 h5 30. g4 hxg4 31. hxg4 Rh8+ 32. Kg2 Ne3+ 33. Kf3 Nc4 34. Re1 Ne5+ 35. Kg3 b6 36. Nxa6 Rc3+ 37. Kg2 Rc2+ 38. Rf2 Rxf2+ 39. Kxf2 Nd3+ 40. Kg3 Nxe1 41. Nc7 Kd6 42. Nb5+ Ke5 43. Nc3 d4 44. Ne2 Nd3 45. Kf3 Nxb4 46. Nf4 Rh6 47. Kg3 d3 48. Nxd3+ Nxd3 49. Kf3 Ne1+ 50. Kg3 Ke4 51. Kf2 Rh2+ 52. Kg3 Rh1 53. Kf2 b5 54. Kg3 b4 55. Kf2 b3 56. Kg3 b2 57. g5 b1=Q 58. gxf6 gxf6 59. Kf2 Rh2+ 60. Kf1 Nf3# 0-1

[Event "4NCL Online Division 5"]
[Site "online"]
[Date "2021.11.02"]
[EventDate "2021.11.02"]
[Round "6.152"]
[White "Constable, Christine F"]
[WhiteElo "1415"]
[WhiteTeam "Bude Surfers B"]
[Black "McKean, Matthew"]
[BlackElo "1000"]
[BlackTeam "Crowthorne 2"]
[Result "1-0"]
[PlyCount "149"]

1. d4 d5 2. Nf3 Nf6 3. e3 Bf5 4. c4 e6 5. Qb3 b6 6. Nbd2 Bd6 7. Bd3 Bxd3 8. Qxd3 O-O 9. O-O Nbd7 10. b3 Rc8 11. Bb2 Re8 12. Ne5 Bxe5 13. dxe5 Ng4 14. Nf3 dxc4 15. Qxc4 Nh6 16. Rfd1 Qe7 17. Rac1 Red8 18. h3 Kh8 19. Qc2 Qc5 20. Qb1 Qe7 21. a4 c5 22. Qe4 Ng8 23. Qg4 h6 24. Qe4 Qe8 25. Nd2 Ne7 26. Nc4 Rc7 27. Nd6 Qg8 28. Qf4 Rf8 29. Qg3 Qh7 30. Qf4 Qg8 31. Rc2 Ng6 32. Qe4 Ne7 33. Rcd2 Nd5 34. Qh4 Rb8 35. Nb5 Rcb7 36. e4 Nb4 37. Rxd7 Rxd7 38. Rxd7 Qe8 39. Qe7 Rd8 40. Qxe8+ Rxe8 41. Rxf7 Nd3 42. Bc3 a6 43. Nd6 Ra8 44. Rf3 Nb2 45. Bxb2 b5 46. Nf7+ Kg8 47. a5 Rf8 48. Nd6 Rd8 49. Bc1 Rd7 50. Rg3 Kh7 51. Be3 c4 52. bxc4 b4 53. Bc1 g5 54. Bb2 Kg6 55. f4 Kh5 56. f5 Kh4 57. Rg4+ Kh5 58. f6 Kg6 59. Kf2 Rc7 60. Ke3 h5 61. Rg3 b3 62. Kd4 h4 63. Rxb3 g4 64. hxg4 h3 65. gxh3 Kg5 66. Bc1+ Kg6 67. h4 Rb7 68. h5+ Kh7 69. Rxb7+ Kg8 70. Rg7+ Kf8 71. Ra7 Kg8 72. f7+ Kf8 73. Ra8+ Kg7 74. f8=Q+ Kh7 75. Qh8# 1-0

[Event "4NCL Online Division 5"]
[Site "online"]
[Date "2021.11.02"]
[EventDate "2021.11.02"]
[Round "6.153"]
[White "De Silva, Teah"]
[WhiteElo "965"]
[WhiteTeam "Crowthorne 2"]
[Black "Russell, Lloyd"]
[BlackElo "1323"]
[BlackTeam "Bude Surfers B"]
[Result "0-1"]
[PlyCount "54"]

1. d4 d5 2. c4 c6 3. Nf3 Nf6 4. Nc3 Bg4 5. h3 Bxf3 6. gxf3 e6 7. e3 c5 8. Bd3 cxd4 9. exd4 Nc6 10. Be3 Rc8 11. f4 Nb4 12. Qa4+ Nd7 13. O-O-O Nxd3+ 14. Rxd3 dxc4 15. Rd2 a6 16. Kb1 Bd6 17. Ne4 Be7 18. Nc5 Rc7 19. Rc1 O-O 20. Rxc4 b5 21. Qxa6 bxc4 22. Nxe6 fxe6 23. Qxe6+ Kh8 24. Rc2 Rf6 25. Qd5 Nb6 26. Qb5 Qd5 27. Qxb6 Rxb6 0-1

[Event "4NCL Online Division 5"]
[Site "online"]
[Date "2021.11.02"]
[EventDate "2021.11.02"]
[Round "6.154"]
[White "Ongley, Kieran M"]
[WhiteElo "845"]
[WhiteTeam "Bude Surfers B"]
[Black "Coates, Benjamin"]
[BlackElo "1000"]
[BlackTeam "Crowthorne 2"]
[Result "0-1"]
[PlyCount "76"]

1. e4 e6 2. d4 d5 3. exd5 exd5 4. Qe2+ Be7 5. c4 Nf6 6. cxd5 Nxd5 7. Qb5+ c6 8. Qb3 Qc7 9. g3 Be6 10. Bd3 Ne3 11. Bxe3 Bxb3 12. axb3 a6 13. Nf3 Bb4+ 14. Bd2 Bxd2+ 15. Nfxd2 O-O 16. b4 Re8+ 17. Kd1 Qd6 18. Ra5 Qxb4 19. Re5 Nd7 20. Rh5 Nf6 21. Re5 Qxd4 22. Rxe8+ Rxe8 23. Bf5 Rd8 24. b3 Ne4 25. Bxe4 Qxe4 26. Re1 Qxb1+ 27. Ke2 Qc2 28. b4 Qxd2+ 29. Kf1 Qxb4 30. h4 Kf8 31. f4 Re8 32. Ra1 Qd4 33. Ra3 Qd1+ 34. Kg2 Qd5+ 35. Kh3 f5 36. g4 Qh1+ 37. Kg3 Re2 38. gxf5 Qg2# 0-1

[Event "4NCL Online Division 5"]
[Site "online"]
[Date "2021.11.02"]
[EventDate "2021.11.02"]
[Round "6.161"]
[White "Camara, Pedro"]
[WhiteElo "1391"]
[WhiteTeam "QMUL B"]
[Black "Kenning, Paul H"]
[BlackElo "1824"]
[BlackTeam "Anglian Avengers 3"]
[Result "0-1"]
[PlyCount "120"]

1. e4 e6 2. d4 d5 3. exd5 exd5 4. Nf3 Nc6 5. Be3 Bd6 6. Be2 Nge7 7. Nbd2 O-O 8. Bg5 f6 9. Bh4 Nf5 10. c4 Ncxd4 11. Nxd4 Nxd4 12. O-O Nxe2+ 13. Qxe2 Re8 14. Qd3 dxc4 15. Qxc4+ Be6 16. Qc2 Qd7 17. Rfd1 Bf5 18. Qb3+ Kh8 19. Nc4 Be6 20. Qc3 Bxc4 21. Qxc4 Qe7 22. Qb3 b6 23. Kf1 Qe5 24. Bg3 Qe2+ 25. Kg1 Rad8 26. Bxd6 Rxd6 27. h3 Qe7 28. Re1 Qd7 29. Qb4 c5 30. Qc3 Rxe1+ 31. Rxe1 Re6 32. Kh2 h6 33. b3 Qd6+ 34. g3 Re5 35. Re3 Rxe3 36. Qxe3 Qe5 37. Qxe5 fxe5 38. Kg2 Kg8 39. Kf3 Kf7 40. Ke4 Ke6 41. a3 a6 42. f3 b5 43. f4 exf4 44. Kxf4 Kd5 45. Kf5 c4 46. bxc4+ bxc4 47. Kg6 c3 48. Kxg7 c2 49. Kxh6 c1=Q+ 50. Kh5 Qe3 51. Kh4 Qxa3 52. g4 Qb4 53. Kh5 a5 54. g5 a4 55. g6 Qf8 56. h4 a3 57. Kg5 a2 58. h5 a1=Q 59. h6 Qg1+ 60. Kh5 Qf5+ 0-1

[Event "4NCL Online Division 5"]
[Site "online"]
[Date "2021.11.02"]
[EventDate "2021.11.02"]
[Round "6.162"]
[White "Stephens, Robert Wynn"]
[WhiteElo "1776"]
[WhiteTeam "Anglian Avengers 3"]
[Black "Jeevan, Senthuran"]
[BlackElo "1182"]
[BlackTeam "QMUL B"]
[Result "0-1"]
[PlyCount "60"]

1. Nf3 d5 2. c4 c6 3. b3 Nf6 4. Bb2 e6 5. g3 Nbd7 6. Bg2 b5 7. O-O bxc4 8. bxc4 Rb8 9. Ba3 Rxb1 10. Rxb1 Bxa3 11. cxd5 cxd5 12. Qa4 Bc5 13. Rfc1 O-O 14. Qc6 Ba3 15. Rc3 Qe7 16. Qa4 Bc5 17. Rbc1 Ne4 18. R3c2 Bxf2+ 19. Kf1 Nb6 20. Qb3 Qf6 21. d3 Be3 22. dxe4 Bxc1 23. e5 Qh6 24. Rc7 g6 25. Qc2 Nc4 26. Rxc4 dxc4 27. Qxc4 Rd8 28. Qc2 Qe3 29. Ne1 Ba6 30. Bf3 Rd2 0-1

[Event "4NCL Online Division 5"]
[Site "online"]
[Date "2021.11.02"]
[EventDate "2021.11.02"]
[Round "6.163"]
[White "Suulker, Cem"]
[WhiteElo "1077"]
[WhiteTeam "QMUL B"]
[Black "Paez, Alonso"]
[BlackElo "1599"]
[BlackTeam "Anglian Avengers 3"]
[Result "1-0"]
[PlyCount "109"]

1. c4 c5 2. e3 Nc6 3. d4 cxd4 4. exd4 d5 5. Nf3 Bg4 6. Be2 e6 7. cxd5 exd5 8. Nc3 Nf6 9. O-O Be7 10. h3 Bf5 11. Bf4 O-O 12. Re1 a6 13. a3 Re8 14. Rc1 Rc8 15. Na4 b5 16. Nc5 Bxc5 17. dxc5 Re4 18. Bg3 Qa5 19. Bd3 Rxe1+ 20. Nxe1 Bxd3 21. Qxd3 Re8 22. b4 Qd8 23. f3 Re6 24. Nc2 Qe8 25. Re1 Rxe1+ 26. Nxe1 Qe6 27. Nc2 h6 28. Kh2 Kf8 29. Nd4 Nxd4 30. Qxd4 Ke7 31. Qf4 Ne8 32. Qb8 Qc6 33. Qe5+ Kd7 34. Qb8 d4 35. Qe5 Qf6 36. Qe4 Nc7 37. Be5 Qe6 38. Qxd4+ Kc6 39. Bxg7 Nd5 40. Qe4 Qg6 41. Qxg6+ fxg6 42. Bxh6 Nc3 43. Kg3 Nb1 44. Bc1 a5 45. bxa5 Kxc5 46. Kg4 Nc3 47. Kg5 Nd5 48. Kxg6 Ne7+ 49. Kf6 Nc6 50. a6 Kb6 51. h4 Kxa6 52. Bd2 Kb7 53. h5 Kc7 54. h6 b4 55. axb4 1-0

[Event "4NCL Online Division 5"]
[Site "online"]
[Date "2021.11.02"]
[EventDate "2021.11.02"]
[Round "6.164"]
[White "Kent, Rowan"]
[WhiteElo "1495"]
[WhiteTeam "Anglian Avengers 3"]
[Black "Pillai, Abhishek"]
[BlackElo "1127"]
[BlackTeam "QMUL B"]
[Result "0-1"]
[PlyCount "58"]

1. e4 d5 2. exd5 Qxd5 3. Nc3 Qa5 4. d4 c6 5. Nf3 Nf6 6. Bd2 Qc7 7. Bd3 g6 8. O-O Bf5 9. Bxf5 gxf5 10. Bg5 Bg7 11. Re1 e6 12. Ne5 Nbd7 13. Qf3 Nxe5 14. Rxe5 Ng4 15. Ree1 Qxh2+ 16. Kf1 Bxd4 17. Bf4 Qh5 18. Bg3 Bxf2 19. Rad1 Bxe1 20. Rxe1 O-O-O 21. Qf4 Qh1+ 22. Ke2 Qxg2+ 23. Bf2 Nxf2 24. Qxf2 Rd2+ 25. Kxd2 Qxf2+ 26. Re2 Rd8+ 27. Kc1 Qf1+ 28. Re1 Qxe1+ 29. Nd1 Qxd1# 0-1

[Event "4NCL Online Division 5"]
[Site "online"]
[Date "2021.11.02"]
[EventDate "2021.11.02"]
[Round "6.171"]
[White "Shrestha, Unnabh"]
[WhiteElo "1439"]
[WhiteTeam "East Kilbride Rovers"]
[Black "Jones, Bryan"]
[BlackElo "1552"]
[BlackTeam "Breage Bruisers"]
[Result "1/2-1/2"]
[PlyCount "93"]

1. e4 e6 2. d4 d5 3. e5 c5 4. Nf3 cxd4 5. Nxd4 Nc6 6. Nxc6 bxc6 7. Bf4 Qb6 8. b3 Bc5 9. Qf3 Ne7 10. Bd3 Ba6 11. O-O Bxd3 12. Qxd3 a5 13. Nd2 O-O 14. c4 Nf5 15. cxd5 cxd5 16. Nf3 Rac8 17. Rac1 Rc7 18. Rc2 Rfc8 19. Rfc1 Bf8 20. g4 Rxc2 21. Rxc2 Rxc2 22. Qxc2 Ne7 23. Be3 Qc6 24. Qd3 Ng6 25. h4 Bb4 26. h5 Nf8 27. Ng5 Qc3 28. Qxc3 Bxc3 29. Nf3 Nd7 30. Bf4 Nc5 31. Be3 Nd3 32. Bd4 Bxd4 33. Nxd4 Nxe5 34. f4 Nd3 35. Nc6 Nc1 36. Nxa5 Nxa2 37. Nc6 Nc3 38. b4 Nb5 39. Kf2 Kf8 40. f5 Ke8 41. Ke3 Kd7 42. Ne5+ Ke7 43. Nc6+ Kd6 44. Nd8 Ke7 45. Nc6+ Kd6 46. Nd8 Ke7 47. Nc6+ 1/2-1/2

[Event "4NCL Online Division 5"]
[Site "online"]
[Date "2021.11.02"]
[EventDate "2021.11.02"]
[Round "6.172"]
[White "Evdokimova, Maria"]
[WhiteElo "1428"]
[WhiteTeam "Breage Bruisers"]
[Black "Dunn, Jeff"]
[BlackElo "1355"]
[BlackTeam "East Kilbride Rovers"]
[Result "1-0"]
[PlyCount "79"]

1. e4 e6 2. d4 d5 3. Nd2 Nf6 4. e5 Nfd7 5. Bd3 c5 6. c3 Nc6 7. Ne2 c4 8. Bc2 b5 9. b3 a5 10. O-O Nb6 11. a4 b4 12. Nf3 h6 13. Re1 bxc3 14. Ba3 Bxa3 15. Rxa3 Qe7 16. Ra1 Qb4 17. Rb1 Qe7 18. Nxc3 Ba6 19. Nb5 Bxb5 20. axb5 Nb4 21. Ra1 O-O 22. g3 Rfc8 23. Re3 Qd7 24. Ne1 Qxb5 25. f4 Rc7 26. f5 Rf8 27. Qb1 c3 28. f6 Nxc2 29. Qxc2 g6 30. Rxc3 Rxc3 31. Qxc3 Rc8 32. Qd2 Rc3 33. Qxc3 Qe2 34. Rxa5 Qe4 35. Ra1 Nd7 36. Ra8+ Nf8 37. Qd2 g5 38. b4 Qb1 39. Rb8 Qb3 40. b5 1-0

[Event "4NCL Online Division 5"]
[Site "online"]
[Date "2021.11.02"]
[EventDate "2021.11.02"]
[Round "6.173"]
[White "Peakman, Jonlee"]
[WhiteElo "1261"]
[WhiteTeam "East Kilbride Rovers"]
[Black "Renshaw, Ian"]
[BlackElo "1442"]
[BlackTeam "Breage Bruisers"]
[Result "1/2-1/2"]
[PlyCount "83"]

1. d4 Nf6 2. c4 e6 3. Nc3 Bb4 4. Qc2 c5 5. dxc5 Bxc5 6. Nf3 O-O 7. Bf4 Nc6 8. e3 d5 9. Rd1 Bb4 10. Bd3 Qa5 11. cxd5 exd5 12. O-O Bxc3 13. bxc3 Bg4 14. Be2 Rac8 15. h3 Bh5 16. g4 Bg6 17. Qb3 b6 18. Bd6 Rfd8 19. Bb4 Nxb4 20. cxb4 Bc2 21. bxa5 Bxb3 22. axb6 Bxd1 23. Rxd1 axb6 24. Nd4 Ne4 25. Rb1 Nc3 26. Rxb6 Nxe2+ 27. Nxe2 Rb8 28. Ra6 Ra8 29. Rb6 Rxa2 30. Nc3 Raa8 31. Ne2 h6 32. Rb4 Rab8 33. Rd4 Rbc8 34. Nf4 Rc4 35. Rxd5 Rxd5 36. Nxd5 f6 37. Kg2 Kf7 38. Nf4 g5 39. Ne2 Kg6 40. Ng3 Rc2 41. Kf3 Ra2 42. Kg2 1/2-1/2

[Event "4NCL Online Division 5"]
[Site "online"]
[Date "2021.11.02"]
[EventDate "2021.11.02"]
[Round "6.174"]
[White "Doubleday, Peter"]
[WhiteElo "1402"]
[WhiteTeam "Breage Bruisers"]
[Black "Shrestha, Deepesh"]
[BlackElo "1233"]
[BlackTeam "East Kilbride Rovers"]
[Result "1-0"]
[PlyCount "121"]

1. e4 c6 2. d4 d5 3. exd5 cxd5 4. c4 Nf6 5. c5 b6 6. b4 Nc6 7. Bb5 Bd7 8. Bxc6 Bxc6 9. Nf3 e6 10. O-O a5 11. Ba3 Be7 12. Nc3 axb4 13. Bxb4 bxc5 14. Bxc5 Nd7 15. Bxe7 Qxe7 16. Qc2 O-O 17. Rfb1 Rfb8 18. Nd2 Rxb1+ 19. Rxb1 h6 20. Nb3 Nb6 21. Nd2 Qa7 22. Qb2 Na4 23. Nxa4 Qxa4 24. Ra1 Qa3 25. Qxa3 Rxa3 26. Nf3 Bb5 27. Nd2 Rd3 28. Nf3 Kf8 29. a4 Ba6 30. h3 Ke7 31. a5 Kd6 32. h4 f6 33. h5 Rb3 34. Rc1 Bc4 35. Ra1 Rb8 36. a6 Ra8 37. a7 Kc6 38. Nd2 Be2 39. f3 Kb6 40. Nb3 Rxa7 41. Re1 Bc4 42. Rxe6+ Kb5 43. Nc5 Kb4 44. Re3 Ra3 45. Rxa3 Kxa3 46. Kf2 Kb4 47. Ke3 Kb5 48. Ne6 Kc6 49. Nxg7 Kd6 50. Nf5+ Ke6 51. Nxh6 Bf1 52. g4 Ke7 53. Nf5+ Kf7 54. Kf4 Be2 55. Ne3 Kg7 56. Nxd5 Bc4 57. Ne3 Be6 58. d5 Bd7 59. Nf5+ Kf7 60. Ke4 Bc8 61. Nd6+ 1-0

[Event "4NCL Online Division 5"]
[Site "online"]
[Date "2021.11.02"]
[EventDate "2021.11.02"]
[Round "6.181"]
[White "Nancarrow, Richard"]
[WhiteElo "1499"]
[WhiteTeam "Manaccan Maulers"]
[Black "Smith, Jonathan"]
[BlackElo "1445"]
[BlackTeam "Shropshire and Friends 7"]
[Result "0-1"]
[PlyCount "98"]

1. d4 d5 2. Bf4 Nf6 3. e3 Nc6 4. c3 e6 5. Nd2 Bd6 6. Bxd6 Qxd6 7. Ngf3 O-O 8. Bd3 Re8 9. O-O e5 10. dxe5 Nxe5 11. Nxe5 Qxe5 12. Nf3 Bg4 13. Nxe5 Bxd1 14. Nxf7 Bh5 15. Ng5 h6 16. Nh3 g5 17. Kh1 Rad8 18. Bc2 Ne4 19. Bxe4 Rxe4 20. Rfe1 Rde8 21. Ng1 c5 22. Ne2 Bxe2 23. Rxe2 d4 24. cxd4 Rxd4 25. g3 Kg7 26. Rc1 b6 27. Rec2 Rd5 28. Kg2 Kf6 29. Kf1 Ke5 30. Ke1 Ke4 31. Ke2 Rf8 32. Rc4+ Ke5 33. Rf1 b5 34. Rc2 c4 35. Rd2 Rxd2+ 36. Kxd2 Ke4 37. Ke2 Rd8 38. f3+ Ke5 39. f4+ gxf4 40. gxf4+ Ke4 41. Rg1 Rd3 42. Rg3 b4 43. Rf3 c3 44. bxc3 bxc3 45. f5 Rd2+ 46. Ke1 Kxf3 47. f6 Kxe3 48. f7 Rf2 49. Kd1 Rxf7 0-1

[Event "4NCL Online Division 5"]
[Site "online"]
[Date "2021.11.02"]
[EventDate "2021.11.02"]
[Round "6.182"]
[White "Casewell, John M"]
[WhiteElo "1330"]
[WhiteTeam "Shropshire and Friends 7"]
[Black "Spargo, Philip J"]
[BlackElo "1454"]
[BlackTeam "Manaccan Maulers"]
[Result "1/2-1/2"]
[PlyCount "86"]

1. c4 e5 2. Nc3 d6 3. g3 Bd7 4. Bg2 Bc6 5. e4 Nf6 6. Nge2 Be7 7. O-O O-O 8. b3 Nbd7 9. Bb2 Re8 10. Rc1 Nf8 11. Nd5 Nxd5 12. exd5 Bd7 13. Nc3 Bf5 14. Re1 Qc8 15. Ne4 Nd7 16. d4 exd4 17. Bxd4 Bxe4 18. Bxe4 Nf6 19. Qd3 Nxe4 20. Rxe4 Bf8 21. Rce1 Qd7 22. Qe3 Rxe4 23. Qxe4 Qh3 24. Qg2 Qxg2+ 25. Kxg2 f6 26. Re6 Kf7 27. h4 a6 28. h5 h6 29. g4 Re8 30. Rxe8 Kxe8 31. f4 Kf7 32. f5 Be7 33. Kf3 Bd8 34. Ke4 Be7 35. a4 Ke8 36. b4 Kd7 37. b5 axb5 38. axb5 b6 39. Kd3 Kc8 40. Kc3 Kb7 41. Kb4 Bf8 42. Ka4 Be7 43. Kb3 Bf8 1/2-1/2

[Event "4NCL Online Division 5"]
[Site "online"]
[Date "2021.11.02"]
[EventDate "2021.11.02"]
[Round "6.183"]
[White "Scully, Pat"]
[WhiteElo "1380"]
[WhiteTeam "Manaccan Maulers"]
[Black "Evans, Alf"]
[BlackElo "1328"]
[BlackTeam "Shropshire and Friends 7"]
[Result "0-1"]
[PlyCount "67"]

1. e4 c5 2. Nf3 d6 3. c3 e6 4. d4 cxd4 5. cxd4 Nf6 6. Nc3 a6 7. Bd3 Be7 8. O-O O-O 9. Be3 Nc6 10. a3 b5 11. b4 Bb7 12. Qc2 e5 13. d5 Nb8 14. Nh4 Ng4 15. Nf5 Nxe3 16. fxe3 Bg5 17. Rf3 Nd7 18. Nxd6 Qb6 19. Qf2 Qxd6 20. Rf1 Bf6 21. Ne2 Rac8 22. Ng3 g6 23. Nh5 gxh5 24. Qg3+ Bg7 25. Rf5 f6 26. Be2 Qe7 27. Bxh5 Kh8 28. Qh3 Bh6 29. d6 Qg7 30. R1f3 Bxe4 31. Rg3 Bg5 32. Bf3 Bxf5 33. Bg4 Bxg4 34. Qxg4 0-1

[Event "4NCL Online Division 5"]
[Site "online"]
[Date "2021.11.02"]
[EventDate "2021.11.02"]
[Round "6.184"]
[White "Ayres, Martin"]
[WhiteElo "1256"]
[WhiteTeam "Shropshire and Friends 7"]
[Black "Thomas, Mike"]
[BlackElo "972"]
[BlackTeam "Manaccan Maulers"]
[Result "1/2-1/2"]
[PlyCount "86"]

1. d4 Nf6 2. c4 d5 3. Nc3 dxc4 4. Qa4+ Bd7 5. Qxc4 Be6 6. Qd3 Nc6 7. Nf3 h6 8. e4 Bg4 9. Be2 Bxf3 10. Bxf3 Qxd4 11. Qxd4 Nxd4 12. Bd1 e5 13. O-O O-O-O 14. Be3 Bb4 15. f4 Bxc3 16. bxc3 Nb5 17. c4 Nc3 18. Bxa7 b6 19. c5 Kb7 20. Bxb6 cxb6 21. cxb6 Nfxe4 22. fxe5 Nxd1 23. Raxd1 Rxd1 24. Rxd1 Kxb6 25. Rb1+ Kc5 26. Rb7 Rd8 27. Rxf7 Rd1+ 28. Rf1 Rxf1+ 29. Kxf1 Kd5 30. a4 Kxe5 31. Ke2 Kd5 32. Kf3 Ng5+ 33. Kg4 Kc5 34. h4 Ne6 35. Kf5 Nf8 36. g4 Kb4 37. h5 Kxa4 38. g5 Kb5 39. gxh6 gxh6 40. Kf6 Kc6 41. Kg7 Ne6+ 42. Kxh6 Nf4 43. Kg5 Nxh5 1/2-1/2

[Event "4NCL Online Division 5"]
[Site "online"]
[Date "2021.11.02"]
[EventDate "2021.11.02"]
[Round "6.191"]
[White "Jones, Andrew"]
[WhiteElo "1505"]
[WhiteTeam "Shropshire and Friends 6"]
[Black "Hayles, Robin"]
[BlackElo "1702"]
[BlackTeam "Wolfpack 2"]
[Result "0-1"]
[PlyCount "108"]

1. e4 c5 2. Nf3 g6 3. d4 cxd4 4. Nxd4 Nc6 5. Be3 Bg7 6. Be2 Nf6 7. Nc3 O-O 8. O-O Re8 9. f4 d6 10. Qd2 Ng4 11. Bxg4 Bxg4 12. h3 Bd7 13. f5 Ne5 14. Qe2 Rc8 15. fxg6 hxg6 16. Nd5 e6 17. Nc3 Nc4 18. b3 Nxe3 19. Qxe3 Qb6 20. Nce2 Bxd4 21. Qxd4 Qxd4+ 22. Nxd4 e5 23. Nf3 Rxc2 24. Rfc1 Rec8 25. Rd1 R8c6 26. Kf1 f5 27. exf5 Bxf5 28. Nd2 b5 29. g4 Bd3+ 30. Kf2 e4 31. Ke3 d5 32. Nf1 Rf6 33. Nd2 Rfc6 34. Nf1 Rb2 35. Kd4 Rcc2 36. Ne3 Rh2 37. Nxd5 Rxa2 38. Rxa2 Rxa2 39. Nf6+ Kg7 40. Nxe4 Bc2 41. Rd2 Bxb3 42. Rxa2 Bxa2 43. Nc3 Bc4 44. Kc5 a6 45. Kb6 b4 46. Ne4 Bf1 47. h4 b3 48. Nc3 b2 49. Ka5 Bd3 50. g5 b1=Q 51. Nxb1 Bxb1 52. Kxa6 Kf7 53. Kb5 Ke6 54. Kc4 Kf5 0-1

[Event "4NCL Online Division 5"]
[Site "online"]
[Date "2021.11.02"]
[EventDate "2021.11.02"]
[Round "6.192"]
[White "Wootton, Stephen G"]
[WhiteElo "1671"]
[WhiteTeam "Wolfpack 2"]
[Black "Holmes, Nick D"]
[BlackElo "1497"]
[BlackTeam "Shropshire and Friends 6"]
[Result "0-1"]
[PlyCount "146"]

1. e4 c5 2. Nf3 d6 3. c3 a6 4. d4 cxd4 5. cxd4 Bg4 6. h3 Bh5 7. Be2 e6 8. O-O Nf6 9. Nc3 Be7 10. Be3 O-O 11. Rc1 d5 12. exd5 Nxd5 13. Nxd5 Qxd5 14. Bc4 Qd6 15. Be2 b5 16. g4 Bg6 17. Ne5 Be4 18. Bf3 Bxf3 19. Qxf3 Nd7 20. Rfd1 Nxe5 21. dxe5 Qxe5 22. Bd4 Qb8 23. Qe3 h6 24. Be5 Qa7 25. Bd4 Qb7 26. Bc5 Bxc5 27. Rxc5 Rac8 28. Rdc1 Rxc5 29. Rxc5 Rc8 30. g5 h5 31. g6 Rxc5 32. gxf7+ Kxf7 33. Qxc5 g6 34. Qe5 Qd5 35. Qh8 Qg5+ 36. Kf1 Qf6 37. Qc8 Qxb2 38. Qxa6 Qb1+ 39. Kg2 b4 40. Qb7+ Kf6 41. a4 b3 42. Qf3+ Kg7 43. Qc3+ Kh6 44. Qe3+ Kg7 45. Qe5+ Kf7 46. Qc7+ Kf6 47. Qc3+ Kf5 48. Qf3+ Ke5 49. Qc3+ Kd5 50. Qd2+ Kc4 51. Qf4+ Kc3 52. Qe5+ Kc2 53. Qe2+ Kc1 54. a5 Qc2 55. Qe3+ Kb2 56. Qe5+ Ka2 57. Qxe6 Ka1 58. Qe1+ Ka2 59. Qe6 Ka3 60. a6 b2 61. Qd6+ Ka2 62. Qe6+ Ka1 63. Qe5 Qc6+ 64. Kg3 Qxa6 65. Qc3 Qd6+ 66. Kg2 Qd5+ 67. f3 Ka2 68. Qc2 Qg5+ 69. Kf2 Qc1 70. Qa4+ Kb1 71. Qb4 Qc2+ 72. Kg3 Kc1 73. Qa3 Kd1 0-1